[Event "Asia-chT (Women) 05th"]
[Site "Visakhapatnam"]
[Date "2008.01.06"]
[Round "4"]
[White "Nguyen, Thi Thanh An"]
[Black "Sriharika, YG."]
[Result "1-0"]
[WhiteElo "2346"]
[BlackElo "1896"]
[PlyCount "145"]
[EventDate "2008.01.03"]
[EventType "team-tourn"]
[EventRounds "7"]
[EventCountry "IND"]
[SourceTitle "EXT 2020"]
[Source "ChessBase"]
[SourceDate "2019.10.17"]
[SourceVersion "1"]
[SourceVersionDate "2019.10.17"]
[SourceQuality "1"]
[WhiteTeam "Vietnam (W)"]
[BlackTeam "India (W) III"]
[WhiteTeamCountry "VIE"]
[BlackTeamCountry "IND"]

1. d4 Nf6 2. Nf3 g6 3. Bf4 d5 4. e3 Bg7 5. c4 c6 6. Nc3 0-0 7. Be2 dxc4 8. Bxc4 Nbd7 9. 0-0 Nb6 10. Bb3 Nbd5 11. Be5 h6 12. Qe2 Kh7 13. Rfd1 e6 14. Rac1 b6 15. h3 Bb7 16. Nxd5 exd5 17. Ba4 Rc8 18. b4 b5 19. Bc2 Qe7 20. Bxf6 Bxf6 21. Qd2 Rfe8 22. Ne1 Bg7 23. Nd3 Rcd8 24. Qc3 Rc8 25. Nc5 Red8 26. Bd3 Qc7 27. Rc2 Bf8 28. a4 a6 29. Ra1 Qb6 30. Qb2 Ra8 31. Qc1 Bxc5 32. Rxc5 Re8 33. Qc2 Qd8 34. Qd2 Qd6 35. Rc2 Qe7 36. Rca2 Qc7 37. Qc3 Qb6 38. Ra3 Red8 39. R1a2 Re8 40. Qa1 Rec8 41. h4 h5 42. g3 Qd8 43. Rc3 Qd7 44. Rc5 Qe6 45. Kg2 Re8 46. Qc1 Kg7 47. Qd2 Qd7 48. Rcc2 Qe6 49. axb5 axb5 50. Rxa8 Rxa8 51. Ra2 Rxa2 52. Qxa2 Bc8 53. Qc2 Bd7 54. Kg1 Qd6 55. Qc3 Kh7 56. Kf1 Qe6 57. Ke1 Qg4 58. Qc2 Qf3 59. Qe2 Bg4 60. Qxf3 Bxf3 61. Bf1 f5 62. Be2 Bxe2 63. Kxe2 Kg7 64. Kf3 Kf7 65. Kf4 Kf6 66. f3 Ke6 67. Kg5 Kf7 68. Kh6 Kf6 69. f4 Kf7 70. Kh7 Kf6 71. Kg8 g5 72. hxg5+ Kg6 73. Kf8 1-0

[Event "IND-chB (Women) 34th"]
[Site "Hyderabad"]
[Date "2007.05.21"]
[Round "?"]
[White "Sriharika, YG."]
[Black "Mohana, Priya J"]
[Result "1/2-1/2"]
[WhiteElo "1907"]
[BlackElo "1986"]
[PlyCount "109"]
[EventDate "2007.05.21"]
[EventType "swiss"]
[EventRounds "11"]
[EventCountry "IND"]
[SourceTitle "EXT 2010"]
[Source "ChessBase"]
[SourceDate "2010.11.25"]
[SourceVersion "1"]
[SourceVersionDate "2010.11.25"]
[SourceQuality "1"]

1. e4 e5 2. Nf3 Nc6 3. d4 exd4 4. Nxd4 Bc5 5. Be3 Qf6 6. Nb5 Bxe3 7. fxe3 Qh4+ 8. g3 Qxe4 9. Nxc7+ Kd8 10. Nxa8 Qxh1 11. Qd6 Nf6 12. Nd2 Qd5 13. Qc7+ Ke7 14. 0-0-0 Qe5 15. Nc4 Qxc7 16. Nxc7 a6 17. Nd6 Ne5 18. Na8 Kd8 19. Nb6 Kc7 20. Nbxc8 Rxc8 21. Nxc8 Kxc8 22. Be2 Kc7 23. Rd4 d6 24. b3 Nc6 25. Rf4 Ne7 26. Bf3 d5 27. h4 Ng6 28. Rd4 Ne7 29. g4 Kd6 30. g5 Nd7 31. c4 Nb6 32. Bxd5 Nbxd5 33. cxd5 Nf5 34. Rf4 Ke5 35. Kd2 g6 36. Kd3 Kxd5 37. e4+ Ke5 38. Rf3 Nd6 39. Rf6 b5 40. b4 h5 41. Rxd6 Kxd6 42. Kd4 Ke6 43. e5 Kf5 44. Kd5 Kg4 45. Kd6 Kxh4 46. Ke7 Kxg5 47. Kxf7 h4 48. e6 h3 49. e7 h2 50. e8Q h1Q 51. Qe5+ Kg4 52. Qd4+ Kg3 53. Qe5+ Kf2 54. Qd4+ Kg3 55. Qd6+ 1/2-1/2